Filmaciones de Ushuaia.
Guardado en:
| Formato: | |
|---|---|
| Materias: | |
| Etiquetas: |
Agregar Etiqueta
Sin Etiquetas, Sea el primero en etiquetar este registro!
|
| LEADER | 00829ngm a22002295g 4500 | ||
|---|---|---|---|
| 001 | CEM.cems021470 | ||
| 008 | 130507b1992##################0###0#####d | ||
| 005 | 20240826151858.0 | ||
| 245 | 0 | 0 | |a Filmaciones de Ushuaia. |
| 300 | |a 12 | ||
| 500 | |a En soporte VHS, consultar en ventanilla. | ||
| 505 | 0 | |a Muestras de la ciudad. Vistas aéreas del puerto y el aeropuerto. La ciudad de noche. Paisajes naturales. Cascadas, peñascos y formaciones rocosas. | |
| 538 | |a Soporte: VHS - Norma: Ntsc - Color - Realización Drd 1992 - Hitachi=0000 | ||
| 082 | 9 | 1 | |. 7/ARG |
| 653 | |a ARGENTINA | ||
| 653 | |a GEOGRAFIA | ||
| 653 | |a USHUAIA | ||
| 653 | |a ARGENTINA-GEOGRAFIA | ||
| 653 | |a TIERRA DEL FUEGO | ||
| 653 | |a NIVEL PRIMARIO | ||
| 653 | |a NIVEL SECUNDARIO | ||
| 859 | |a CEMS |b BIB. CEMS - Depto. Recursos Didacticos |h 918.7 |i ARG |k DRD |p 113.12 |t Ej.1 | ||
